00861 2200313 4500001002100000005001500021035002000036007000300056040001700059100003600076245004400112250001200156300004200168504002500210020002200235041000800257082001000265084001600275090001800291264004800309336002100357337003000378338002300408500002900431650001300460850001000473008004100483990002300524INLIS00000000000508920260515052811 a0010-0222000179ta aSBPUPADbind0 aCharles Bonar SiraitePengarang1 aKiat Cerdas Berkampanye di Depan Publik a.-Cet.1 axxiii, 142 hal. :billus. ;c11x18 cm abibliografi, hlm 139 a978-979-22-4481-60 aind a302.5 a302.5 CHA k a490 EKO p 5-2 a.--jakarta :bGramedia Pustaka Utama,c2009 2rdacontentaTeks 2rdamediaaTanpa Perantara 2rdacarrieraVolume aTentang Penulis, hlm 141 4aKampanye aPUPAD260515 0  a11940/BR/KAPD/2009